Central Library OPAC University of Rajshahi

The mind tool : (Record no. 6338)

MARC details
000 -LEADER
fixed length control field 00847pam a2200277 a 4500
001 - CONTROL NUMBER
control field 6338
003 - CONTROL NUMBER IDENTIFIER
rucl marc code BD-RjUL
005 - DATE AND TIME OF LATEST TRANSACTION
control field 20211208234227.0
008 - FIXED-LENGTH DATA ELEMENTS--GENERAL INFORMATION
fixed length control field 140111s1986 mnua b 001 0 eng
020 ## - INTERNATIONAL STANDARD BOOK NUMBER
International Standard Book Number 0314931821 (pbk.) :
035 ## - SYSTEM CONTROL NUMBER
System control number (BD-RjUL)6378
040 ## - CATALOGING SOURCE
Original cataloging agency DLC
Transcribing agency DLC
Modifying agency DLC
-- BD-RjUL
Language of cataloging eng
041 ## - LANGUAGE CODE
Language code of text/sound track or separate title eng
082 00 - DEWEY DECIMAL CLASSIFICATION NUMBER
Classification number 004
Edition number 19
Author mark and year GRM 1986
100 1# - MAIN ENTRY--PERSONAL NAME
Personal name Graham, Neill,
Dates associated with a name 1941-
9 (RLIN) 19953
245 14 - TITLE STATEMENT
Title The mind tool :
Remainder of title computers and their impact on society /
Statement of responsibility, etc. Neill Graham.
250 ## - EDITION STATEMENT
Edition statement 4th ed., Language-free ed.
260 ## - PUBLICATION, DISTRIBUTION, ETC. (IMPRINT)
Place of publication, distribution, etc. St. Paul :
Name of publisher, distributor, etc. West Pub. Co.,
Date of publication, distribution, etc. c1986.
300 ## - PHYSICAL DESCRIPTION
Pagination xvi, 483, [20] p. :
Illustrations ill. (some col.) ;
Size 26 cm.
504 ## - BIBLIOGRAPHY, ETC. NOTE
Bibliography, etc Includes bibliographies and index.
650 #0 - SUBJECT ADDED ENTRY--TOPICAL TERM
Topical term or geographic name as entry element Computers.
9 (RLIN) 19954
Topical term or geographic name as entry element Computers and civilization.
9 (RLIN) 19955
942 ## - ADDED ENTRY ELEMENTS (KOHA)
Source of classification or shelving scheme Dewey Decimal Classification
Koha item type Books
Holdings
Lost status Source of classification or shelving scheme Damaged status Not for loan Collection code Permanent Location Current Location Shelving location Date acquired Source of acquisition Total Checkouts Full call number Date last seen Copy number Koha item type
  Dewey Decimal Classification     Non-fiction Central Library, University of Rajshahi Central Library, University of Rajshahi   03/02/1993 Asia foundation   004 GRM 1986 11/01/2014 C-8 Books
  Dewey Decimal Classification       Central Library, University of Rajshahi Central Library, University of Rajshahi   09/01/1993 Asia Foundation   004 GRM 1986 15/03/2014 C-2 Books